Városok Magyarországon - hirtelen halál - Statistics

General Stats
  • This quiz has been taken 77 times
  • The average score is 14 of 16
Answers on the Grid
Answers color-coded by a green-red scale on the quiz's grid according to % correct below.
Bécs
Belgrád
Budapest
Bukarest
Debrecen
Érd
Győr
Kassa
Kecskemét
Kolozsvár
Krakkó
Miskolc
Nyíregyháza
Pécs
Pozsony
Sopron
Szeged
Székesfehérvár
Szolnok
Szombathely
Tatabánya
Vác
Veszprém
Zágráb
 
Answer Stats
Answer % Correct
Győr
95%
Budapest
93%
Érd
93%
Debrecen
90%
Kecskemét
88%
Nyíregyháza
88%
Szolnok
88%
Pécs
86%
Sopron
86%
Székesfehérvár
86%
Vác
86%
Miskolc
84%
Szombathely
84%
Veszprém
84%
Szeged
83%
Tatabánya
83%
No matching quizzes found
Score Distribution
Percent of People with Each Score
Percentile by Number Answered
Your Score History
You have not taken this quiz